Compilers : principles, techniques and tools (Record no. 274857)

MARC details
000 -LEADER
fixed length control field 00490nam a2200169Ia 4500
005 - DATE AND TIME OF LATEST TRANSACTION
control field 20241007163222.0
008 - FIXED-LENGTH DATA ELEMENTS--GENERAL INFORMATION
fixed length control field 240126s9999 xx 000 0 und d
020 ## - INTERNATIONAL STANDARD BOOK NUMBER
International Standard Book Number 9788178080468
082 ## - DEWEY DECIMAL CLASSIFICATION NUMBER
Classification number 001.6425 AHO;1 R
100 ## - MAIN ENTRY--PERSONAL NAME
Personal name Aho, Alfred V. Sethi, Ravi. Ullman, Jeffrey D.
245 #0 - TITLE STATEMENT
Title Compilers : principles, techniques and tools
260 ## - PUBLICATION, DISTRIBUTION, ETC. (IMPRINT)
Name of publisher, distributor, etc. Pearson Education
Place of publication, distribution, etc. New Delhi
300 ## - PHYSICAL DESCRIPTION
Extent x,796
440 ## - SERIES STATEMENT/ADDED ENTRY--TITLE
Title NULL
650 ## - SUBJECT ADDED ENTRY--TOPICAL TERM
Topical term or geographic name as entry element Compilers,principles,,techniques,tools
942 ## - ADDED ENTRY ELEMENTS (KOHA)
Koha item type PESU Books
Holdings
Date last seen Total Checkouts Full call number Accession number Old discount Volume/Issue Number Price effective from Category Lost status Damaged status Department Withdrawn status Permanent Location Current Location Shelving location Entry date Grants Currency symbol Conversion rate Discount Discount type
26/01/2024   001.6425 AHO;1 R PU3151   (08/06/1905) 26/01/2024 PESU Books     Central Library   Central Library Central Library Central Library 27/03/2015 DONATED RS 1   Rupees

© For any Suggestions or Query, please contact the library staff @ librarian@pes.edu or Phone: +9180 2672 1983/ 2108.